=LDR 00000nam 2200000 4500 =001 INLIS000000000032205 =005 20130612134225 =008 ***********************************ind** =035 ##$$0010-061300000032205 =041 ##$$a ind =082 ##$$a 495.131 =090 ##$$a R. 495.131, Wid k.2 =100 ##$$a Widodo, Priyono Dwi =245 ##$$a Kamus Indonesis Mandarin, Priyono Dwi Widodo =260 ##$$a 20.. $b Jomang =300 ##$$a 700 hlm, 21 cm =650 ##$$a Bahasa Cina - Indonesia - Kamus =850 ##$$a NBPNMAT